000 00298nam a22001337a 4500
008 181003b xxu||||| |||| 00| 0 eng d
020 _a9781604265613
041 _aeng
080 _a610
100 _a3
101 _aSHM
245 _aThe New Ethics Of Journalism
_cKeily.M
942 _2udc
_cBK
999 _c48807
_d48807